Fundamentos de información y documentación / (Registro nro. 30613)

Detalles MARC
000 -LEADER
fixed length control field 00292nam a22000977a 4500
008 - FIXED-LENGTH DATA ELEMENTS--GENERAL INFORMATION
fixed length control field 240219b |||||||| |||| 00| 0 eng d
082 ## - DEWEY DECIMAL CLASSIFICATION NUMBER
Classification number 025 F85F Ej.1
100 10 - MAIN ENTRY--PERSONAL NAME
Personal name López Yepes, Jose
Relator term autor
9 (RLIN) 43440
245 ## - TITLE STATEMENT
Title Fundamentos de información y documentación /
Statement of responsibility, etc. José López Yepes
942 ## - ADDED ENTRY ELEMENTS (KOHA)
Source of classification or shelving scheme Dewey Decimal Classification
Existencias
Withdrawn status Lost status Source of classification or shelving scheme Damaged status Not for loan Home library Current library Shelving location Date acquired Total Checkouts Full call number Barcode Date last seen Date last checked out Price effective from Non-public note Koha item type Public note
    Dewey Decimal Classification     Biblored Biblioteca Pública José María del Castillo y Rada General Stacks 02/19/2024 1 025 F85F Ej.1 35714003146281 02/20/2024 02/19/2024 02/19/2024 sucio Books Material Interbibliotecario BibloRed